1791 1890 1726 1415 1430 1498 1653 1889 1285 1621 1458 1029 1030 1092 1016 1865 1920 1292 1397 1014 1015 1419 1049 1173 1074 1655 1986 1583 1263 1792 1748 1086 1411 1314 1085 1636 1841 1770 1363 1225 1736 1972 1565 1738 1229 1107 1187 1645 1572 1407 1287 1758 1097 1018 1470 1899 1123 1928 1423 1518 1196 1630 1819 1982 1234 1048 1431 1650 1334 1990 1912 1009 1757 1725 1603 1833 1868 1182 1737 1077 1552 1493 1932 1512 1812 1069 1388 1759 1015 1326 1726 1418 1621 1279 1764 1329 1482 1299 1966 BCNSPRNW ULIB Ver.6.0+V

เปลี่ยนเป็นภาษาไทย

Change to English
 แสดงรายละเอียดบรรณานุกรม
  กลับหน้าหลัก

Brief Record : Get Marc (ISO 2709) : E-mail record : QR code < ปิดหน้าต่าง
LEADER : 00000nam 2200000uu 4500
001    13399112395
003     ULIB
008    110810s2544||||th 000 0 tha d
020    9743611665
040    cl
050  4 HF5549.5J6^bส782ก 2544
100 0  สุภาพร พิศาลบุตร
245 10 การวิเคราะห์งาน =^bJob analysis /^cสุภาพร พิศาลบุตร
246 31 Job analysis
250    พิมพ์ครั้งที่ 3
260    กรุงเทพฯ :^bคณะวิทยาการจัดการ สถาบันราชภัฏสวนดุสิต,^c2544
300    ก-ญ, 322 หน้า ;^c26 ซม.
650  7 การวิเคราะห์งาน
710 2  สถาบันราชภัฏสวนดุสิต. ^bคณะวิทยาการจัดการ
945    ^p150^l0^i013966
945    ^p150^l0^i013967
945    ^p150^l0^i013968
995    ทศพร
999 ^a ทศพร
รายการนี้ยังไม่มีแท็ก
คุณยังไม่ได้ล็อกอิน คุณสามารถมีกิจกรรมร่วมกับเว็บไซต์ได้ แต่ต้องล็อกอินก่อน ::
  ล็อกอิน

รายการสื่อสารสนเทศ

ลำดับที่ ประเภท เลขเรียก/บาร์โค้ด สถานที่ สถานะ
- ไม่พบข้อมูล -

BibComment


ยังไม่เคยถูกคอมเมนท์

คอมเมนท์ทรัพยากรรายการนี้
  คอมเมนท์: การวิเคราะห์งาน ..


 Copyright 2026. Bcnsprnw @Library